| 000 | 00377nam a22001577a 4500 | ||
|---|---|---|---|
| 003 | SGT | ||
| 020 | _a9788197401572 | ||
| 082 |
_a615.7 _bP25S |
||
| 100 | _aSINGH, RAMANDEEP | ||
| 245 | _aTEXT BOOK OF PHARMACOTHERAPEUTICS | ||
| 260 |
_aNEW DELHI _bAITBS PUB _c2025 |
||
| 300 | _a234 | ||
| 650 | _aPHARMACY | ||
| 653 | _aPHARMACOTHERAPEUTICS, PHARMACY | ||
| 942 |
_2ddc _cGF BOOKS |
||
| 999 |
_c33224 _d33224 |
||